Programmi9ng in ANSI C (Record no. 20118)

MARC details
000 -LEADER
fixed length control field 00378nam a22001577a 4500
008 - FIXED-LENGTH DATA ELEMENTS--GENERAL INFORMATION
fixed length control field 230914b |||||||| |||| 00| 0 eng d
022 ## - INTERNATIONAL STANDARD SERIAL NUMBER
ISSN 0-07460401-5
100 ## - MAIN ENTRY--AUTHOR NAME
Personal name E Balagurusamy
245 ## - TITLE STATEMENT
Title Programmi9ng in ANSI C
Statement of responsibility, etc E Balagurusamy
250 ## - EDITION STATEMENT
Edition statement 2ND
260 ## - PUBLICATION, DISTRIBUTION, ETC. (IMPRINT)
Place of publication New Delhi
Name of publisher TMH
Year of publication 1992
300 ## - PHYSICAL DESCRIPTION
Number of Pages 405
650 ## - SUBJECT ADDED ENTRY--TOPICAL TERM
Topical Term BB CSE
796 ## - LOCAL ADDED ENTRY--PERSONAL NAME (RLIN)
Personal name E Balagurusamy
942 ## - ADDED ENTRY ELEMENTS (KOHA)
Source of classification or shelving scheme Dewey Decimal Classification
Koha item type Books
Holdings
Accession Number Source of acquisition Price effective from Koha item type Withdrawn / writtenoff status Damaged status Not for loan Permanent Location Current Location Shelving location Date acquired Lost/ Missing status department
BB 1139 Donated 09/14/2023 Books       MIET Library, Jammu MIET Library, Jammu BL-Academic Block B, FL-2, CUP-112, SH-3, R-3 09/14/2023   BB